000 00986nam a2200313 i 4500
001 35556
003 KOSZ 005
005 20220513113016.0
008 961010s1978 pl a f |000 0 pol
040 _cKOSZ 005
_aKOSZ 005
_dKOSZ 005/HR
041 0 _apol
080 _a159.92
080 _a(07)
100 1 _aSkorny, Zbignniew
_d(1926-2012)
_eAutor
245 1 0 _aObserwacje psychologiczne dzieci i młodzieży /
_cZbigniew Skorny.
250 _aWyd. 4.
260 _aWarszawa :
_bWSiP,
_c1978.
300 _a217, [3] strony :
_bilustracje ;
_c21 cm.
380 _aKsiążki
388 _a1901-2000
388 _a1945-1989
650 7 _aPsychologia dziecka
650 7 _aPsychologia młodzieży
655 7 _aPodręcznik
658 _aPsychologia
710 2 _aWydawnictwa Szkolne i Pedagogiczne
_4pbl
856 _uhttp://koha.tu.koszalin.pl/cgi-bin/koha/opac-detail.pl?biblionumber=35566
_yKatalog online BPK
942 _cKS
_2UKD
999 _c35566
_d35566